Actualización del reglamento de pesos y dimensiones de vehículos automotores y sus combinaciones (Acuerdo Gubernativo 1084-92) / (Registro nro. 2473)
[ vista simple ]
| 000 -LEADER | |
|---|---|
| campo de control de longitud fija | 02195nam a22004097a 4500 |
| 001 - NÚMERO DE CONTROL | |
| campo de control | 42835 |
| 003 - IDENTIFICADOR DE NÚMERO DE CONTROL | |
| campo de control | gtgccic |
| 005 - FECHA Y HORA DE LA ÚLTIMA TRANSACCIÓN | |
| campo de control | 20251104125356.0 |
| 007 - CAMPO FIJO DE DESCRIPCIÓN FÍSICA--INFORMACIÓN GENERAL | |
| campo de control de longitud fija | ta |
| 008 - DATOS DE LONGITUD FIJA--INFORMACIÓN GENERAL | |
| campo de control de longitud fija | 251104b gt ||||| |||| 00| 0 spa d |
| 040 ## - FUENTE DE CATALOGACIÓN | |
| Centro catalogador/agencia de origen | gtgccic |
| Lengua de catalogación | spa |
| Centro/agencia transcriptor | gtgccic |
| Normas de descripción | rda |
| 084 ## - OTRO NÚMERO DE CLASIFICACIÓN | |
| Número de control del registro de autoridad o número normalizado | TPI-16-0094 |
| 100 10 - ENTRADA PRINCIPAL--NOMBRE DE PERSONA | |
| Nombre de persona | Marco Tulio Salguero Hernández |
| Fechas asociadas al nombre | Ingeniero Civil |
| Término indicativo de función/relación | autor |
| 245 10 - MENCIÓN DEL TÍTULO | |
| Título | Actualización del reglamento de pesos y dimensiones de vehículos automotores y sus combinaciones (Acuerdo Gubernativo 1084-92) / |
| Mención de responsabilidad, etc. | Salguero Hernández, Marco Tulio |
| 264 #1 - PRODUCCIÓN, PUBLICACIÓN, DISTRIBUCIÓN, FABRICACIÓN Y COPYRIGHT | |
| Producción, publicación, distribución, fabricación y copyright | Guatemala, Guatemala : |
| Nombre del de productor, editor, distribuidor, fabricante | USAC, Facultad de Ingeniería ; |
| Fecha de producción, publicación, distribución, fabricación o copyright | 2016.- |
| 300 ## - DESCRIPCIÓN FÍSICA | |
| Extensión | xxviii, 215 p. : |
| Otras características físicas | il. ; |
| Dimensiones | 27 cm |
| 336 ## - TIPO DE CONTENIDO | |
| Fuente | rdacontenido |
| Término de tipo de contenido | Texto |
| Código de tipo de contenido | txt |
| 337 ## - TIPO DE MEDIO | |
| Fuente | rdamedio |
| Nombre/término del tipo de medio | sin mediación |
| Código del tipo de medio | n |
| 338 ## - TIPO DE SOPORTE | |
| Fuente | rdasoporte |
| Nombre/término del tipo de soporte | volumen |
| Código del tipo de soporte | nc |
| 502 ## - NOTA DE TESIS | |
| Nota de tesis | Tesis Postgrado |
| Tipo de título | MAESTRO EN ARTES EN INGENIERÍA VIAL |
| Nombre de la institución que otorga el título | USAC, Facultad de Ingeniería, Escuela de Postgrado |
| Año de obtención del título | 2016 |
| Identificador de la tesis | TPI-16-0094 |
| 504 ## - NOTA DE BIBLIOGRAFÍA, ETC. | |
| Nota de bibliografía, etc. Nota | Bibliografía pag. 205 |
| 505 ## - NOTA DE CONTENIDO CON FORMATO | |
| Título | 1. TRANSPORTE DE CARGA POR CARRETERA |
| 505 ## - NOTA DE CONTENIDO CON FORMATO | |
| Título | 2. TIPOLOGÍA VEHICULAR |
| 505 ## - NOTA DE CONTENIDO CON FORMATO | |
| Título | 3. PESOS Y DIMENSIONES TRANSPORTE DE CARGA NACIONAL E INTERNACIONAL |
| 505 ## - NOTA DE CONTENIDO CON FORMATO | |
| Título | 4. CARGA ESPECIALIZADA |
| 505 ## - NOTA DE CONTENIDO CON FORMATO | |
| Título | 5. SEGURIDAD VIAL |
| 505 ## - NOTA DE CONTENIDO CON FORMATO | |
| Título | 6. CONTROL Y VIGILANCIA VEHICULAR DE CARGA EN CARRETERA |
| 505 ## - NOTA DE CONTENIDO CON FORMATO | |
| Título | 7. SANCIONES |
| 505 ## - NOTA DE CONTENIDO CON FORMATO | |
| Título | 8. DISPOSICIONES GENERALES |
| 505 ## - NOTA DE CONTENIDO CON FORMATO | |
| Título | 9. PROPUESTA FINAL DE ACTUALIZACIÓN |
| 520 #3 - RESUMEN, ETC. | |
| Sumario, etc. | El presente trabajo consiste en la investigación y análisis sobre una propuesta de norma técnica y legal para regular la transitabilidad y locomoción del transporte de carga en general como carga especializada, al hacer uso de la red vial de Guatemala. Se analizó de forma pormenorizada el contenido de dicho reglamento y se actualizó y adicionó Artículos complementarios, con los cuales su aplicación sea funcional apegada a la realidad del transporte de carga de Guatemala, como transporte de los países de la región, sin dejar de atender la infraestructura vial del país para su preservación. |
| 650 ## - PUNTO DE ACCESO ADICIONAL DE MATERIA--TÉRMINO DE MATERIA | |
| Término de materia o nombre geográfico como elemento de entrada | REGLAMENTOS |
| 650 ## - PUNTO DE ACCESO ADICIONAL DE MATERIA--TÉRMINO DE MATERIA | |
| Término de materia o nombre geográfico como elemento de entrada | VEHÍCULOS AUTOMOTORES |
| 700 ## - ENTRADA AGREGADA--NOMBRE PERSONAL | |
| Nombre de persona | Ing. Msc. Armando Fuentes Roca |
| Término indicativo de función/relación | asesor |
| 942 ## - ELEMENTOS DE ENTRADA SECUNDARIOS (KOHA) | |
| Fuente de la clasificación o esquema de estantería | Clasificación Decimal Dewey |
| Tipo de ítem Koha | TESISPOSTGRADO |
| 945 ## - PROCESAMIENTO DE INFORMACIÓN LOCAL (OCLC) | |
| a | amlo |
| Estatus retirado | Estado de pérdida | Fuente de la clasificación o esquema de estantería | Estado de daño | No para préstamo | Biblioteca de origen | Biblioteca actual | Fecha de adquisición | Número de inventario | Total de préstamos | Signatura topográfica completa | Código de barras | Visto por última vez | Precio de reemplazo | Tipo de ítem Koha | Nota pública |
|---|---|---|---|---|---|---|---|---|---|---|---|---|---|---|---|
| Clasificación Decimal Dewey | CENTRO DE INFORMACIÓN A LA CONSTRUCCIÓN-CICON | CENTRO DE INFORMACIÓN A LA CONSTRUCCIÓN-CICON | 04/11/2025 | P20160094 | TPI-16-0094 | 20160094 | 04/11/2025 | 04/11/2025 | TESISPOSTGRADO | disponible |